|
|
|
|
| LEADER |
00721nam a22002292a 4500 |
| 001 |
001313934 |
| 003 |
CZ BrMZK |
| 005 |
20130822092704.0 |
| 007 |
ta |
| 008 |
130729s1964 sz af er|||||||||||ger d |
| 040 |
|
|
|a BOA001
|b cze
|
| 100 |
1 |
|
|a Zbinden, Hans,
|d 1893-1971
|7 mzk2013777175
|4 aut
|
| 245 |
1 |
0 |
|a Giovanni Segantini :
|b Leben und Werk /
|c Hans Zbinden
|
| 250 |
|
|
|a 2. durchges. und im Bildteil erw. Aufl.
|
| 260 |
|
|
|a Bern :
|b Paul Haupt,
|c 1964
|
| 300 |
|
|
|a 62 s., obr. příl.
|
| 490 |
1 |
|
|a Schweizer Heimatbücher ;
|v 44/45/45a
|
| 830 |
|
0 |
|a Schweizer Heimatbücher
|
| 910 |
|
|
|a BOA001
|b 2-0623.473
|
| 990 |
|
|
|a BK
|
| 991 |
|
|
|b 201307
|
| 996 |
7 |
|
|b 2619685710
|c 2-0623.473
|l HP2
|r DEN
|n 0
|w 001348844
|u 000010
|a 1
|e BOA001
|j MZK50
|s A
|